TABLES FOR THE COMPRESSIBLE FLOW OF DRY AIR (Record no. 583600)

000 -LEADER
fixed length control field 00276nam a22001097a 4500
082 ## - DEWEY DECIMAL CLASSIFICATION NUMBER
Classification number 621 HOU'T
100 ## - MAIN ENTRY--PERSONAL NAME
Personal name HOUGHTON, E. L,BROCK, A. E
9 (RLIN) 78484
245 ## - TITLE STATEMENT
Title TABLES FOR THE COMPRESSIBLE FLOW OF DRY AIR
260 ## - PUBLICATION, DISTRIBUTION, ETC.
Place of publication, distribution, etc. LONDON
Name of publisher, distributor, etc. EDWARD ARNOLD
Date of publication, distribution, etc. 1969
300 ## - PHYSICAL DESCRIPTION
Extent 64P
942 ## - ADDED ENTRY ELEMENTS (KOHA)
Koha item type Book
Holdings
Withdrawn status Lost status Damaged status Not for loan Permanent Location Current Location Shelving location Date acquired Total Checkouts Full call number Barcode Date last seen Price effective from Koha item type
        College of Electrical & Mechanical Engineering (CEME) College of Electrical & Mechanical Engineering (CEME) General Stacks 06/15/2017   621 HOU'T CEME-8206 06/28/2021 06/28/2021 Book
© 2023 Central Library, National University of Sciences and Technology. All Rights Reserved.